[Event "XtraCon-Skakligaen"]
[Site "Denmark"]
[Date "2015.01.25"]
[Round "6.3"]
[White "Percivaldi, Martin"]
[Black "Rasmussen, Casper Dahl"]
[Result "1-0"]
[WhiteElo "2324"]
[BlackElo "2325"]
[PlyCount "101"]
[EventDate "2014.10.25"]
[EventType "team-tourn"]
[EventRounds "9"]
[EventCountry "DEN"]
[WhiteTeam "Hillerod"]
[BlackTeam "Obro"]
[WhiteTeamCountry "DEN"]
[BlackTeamCountry "DEN"]

1. d4 g6 2. c4 Bg7 3. Nf3 d6 4. Nc3 Nd7 5. g3 e5 6. Bg2 Ne7 7. O-O O-O 8. e4
exd4 9. Nxd4 Nc6 10. Nde2 a5 11. Rb1 Nc5 12. Be3 f5 13. Bxc5 dxc5 14. Qd5+ Qxd5
15. cxd5 Nd4 16. Nxd4 cxd4 17. Nb5 c6 18. Nd6 Rd8 19. Nxc8 Raxc8 20. dxc6 bxc6
21. Bh3 Rf8 22. Rfc1 c5 23. Rc4 d3 24. exf5 Rcd8 25. Rd1 Bxb2 26. Rxc5 d2 27.
fxg6 hxg6 28. Rxa5 Rfe8 29. Bg4 Re1+ 30. Kg2 Bc1 31. Ra4 Kg7 32. Rc4 Rde8 33.
Rd4 R8e4 34. Rd7+ Kf6 35. Bf3 Rxd1 36. Bxd1 Re1 37. Bb3 g5 38. h3 Ke5 39. a4
Re4 40. Re7+ Kd4 41. Rxe4+ Kxe4 42. Bc2+ Kd4 43. Kf3 Ba3 44. Kg4 Be7 45. f4
gxf4 46. Kxf4 Bd6+ 47. Kf3 Bc7 48. g4 Ke5 49. h4 Kf6 50. g5+ Kg7 51. Kg4 1-0

[Event "XtraCon-Skakligaen"]
[Site "Denmark"]
[Date "2015.01.25"]
[Round "6.4"]
[White "Larsen, Karsten"]
[Black "Jaksland, Tim"]
[Result "1/2-1/2"]
[WhiteElo "2247"]
[BlackElo "2277"]
[PlyCount "103"]
[EventDate "2014.10.25"]
[EventType "team-tourn"]
[EventRounds "9"]
[EventCountry "DEN"]
[WhiteTeam "Obro"]
[BlackTeam "Hillerod"]
[WhiteTeamCountry "DEN"]
[BlackTeamCountry "DEN"]

1. e4 c5 2. Nf3 d6 3. Bb5+ Bd7 4. a4 Nc6 5. Nc3 e6 6. O-O a6 7. Bxc6 Bxc6 8. d4
cxd4 9. Qxd4 Nf6 10. Bg5 Be7 11. Rad1 h6 12. Bh4 O-O 13. Rfe1 Qc7 14. h3 Rac8
15. Bg3 e5 16. Qe3 Nh5 17. Re2 Nxg3 18. fxg3 Qa5 19. Kh2 Rfd8 20. b3 Bf8 21.
Nd5 b5 22. axb5 axb5 23. g4 Bxd5 24. Rxd5 Rc3 25. Qf2 Rdc8 26. g5 h5 27. Ne1 g6
28. h4 Be7 29. Nf3 Qa6 30. Ne1 Qc6 31. Rdd2 Qd7 32. Nf3 Qg4 33. Qg3 Qe6 34. Qf2
R8c5 35. Re3 Qc8 36. Rxc3 Rxc3 37. Qe2 Qc6 38. Ne1 Kg7 39. Kh1 f6 40. gxf6+
Bxf6 41. Nf3 Qc5 42. Qd1 Be7 43. Re2 Qc8 44. Kh2 Qc5 45. Qd2 Qc8 46. Ng5 b4 47.
Rf2 Bxg5 48. Qxg5 Qe6 49. Qd8 Rc8 50. Qg5 Rc7 51. Qd8 Rc8 52. Qg5 1/2-1/2

[Event "XtraCon-Skakligaen"]
[Site "Denmark"]
[Date "2015.01.25"]
[Round "6.5"]
[White "Ostergaard, Jens"]
[Black "Kaaber Hansen, Jacob"]
[Result "1-0"]
[WhiteElo "2236"]
[BlackElo "2262"]
[PlyCount "61"]
[EventDate "2014.10.25"]
[EventType "team-tourn"]
[EventRounds "9"]
[EventCountry "DEN"]
[WhiteTeam "Hillerod"]
[BlackTeam "Obro"]
[WhiteTeamCountry "DEN"]
[BlackTeamCountry "DEN"]

1. d4 d5 2. c4 c6 3. Nc3 Nf6 4. Nf3 e6 5. e3 Nbd7 6. Bd3 dxc4 7. Bxc4 b5 8. Bd3
Bb7 9. O-O a6 10. e4 c5 11. d5 c4 12. dxe6 fxe6 13. Bc2 Qc7 14. Ng5 Nc5 15. f4
h6 16. Nh3 e5 17. a4 Bd6 18. axb5 Ne6 19. bxa6 exf4 20. Kh1 Be5 21. Ba4+ Bc6
22. Nd5 Qd7 23. Nxf6+ gxf6 24. Qh5+ Ke7 25. Bxc6 Qxc6 26. Nxf4 Nxf4 27. Bxf4
Bxf4 28. Rxf4 Rxa6 29. Raf1 c3 30. bxc3 Qxc3 31. Qg6 1-0

[Event "XtraCon-Skakligaen"]
[Site "Denmark"]
[Date "2015.01.25"]
[Round "6.6"]
[White "Schou Moldt, Thomas"]
[Black "Nordenbaek, Jan"]
[Result "1/2-1/2"]
[WhiteElo "2228"]
[BlackElo "2209"]
[PlyCount "60"]
[EventDate "2014.10.25"]
[EventType "team-tourn"]
[EventRounds "9"]
[EventCountry "DEN"]
[WhiteTeam "Obro"]
[BlackTeam "Hillerod"]
[WhiteTeamCountry "DEN"]
[BlackTeamCountry "DEN"]

1. e4 c5 2. Nf3 Nc6 3. d4 cxd4 4. Nxd4 Nf6 5. Nc3 e5 6. Ndb5 d6 7. Bg5 a6 8.
Na3 b5 9. Nd5 Be7 10. Bxf6 Bxf6 11. c4 Bg5 12. cxb5 Nd4 13. b6 O-O 14. Bc4 Bb7
15. O-O Kh8 16. f4 Bh6 17. f5 Rc8 18. Kh1 f6 19. Qd3 Bxd5 20. Bxd5 Qxb6 21. b3
Rc7 22. Nc4 Qc5 23. Rfd1 a5 24. Rab1 Rb8 25. a3 Ra7 26. Rb2 Bg5 27. Rdb1 Qb5
28. h4 Bf4 29. g3 Bh6 30. Kg2 Rf8 1/2-1/2

[Event "XtraCon-Skakligaen"]
[Site "Denmark"]
[Date "2015.01.25"]
[Round "6.7"]
[White "Montgomery, Jan Elkjaer Frantse"]
[Black "Jorgensen, Dennis"]
[Result "1/2-1/2"]
[WhiteElo "2149"]
[BlackElo "2243"]
[PlyCount "37"]
[EventDate "2014.10.25"]
[EventType "team-tourn"]
[EventRounds "9"]
[EventCountry "DEN"]
[WhiteTeam "Hillerod"]
[BlackTeam "Obro"]
[WhiteTeamCountry "DEN"]
[BlackTeamCountry "DEN"]

1. d4 Nf6 2. Nf3 e6 3. e3 b6 4. Bd3 Bb7 5. Nbd2 c5 6. O-O Be7 7. b3 O-O 8. Bb2
Nc6 9. a3 Rc8 10. Qe2 d5 11. Rad1 Qc7 12. Rfe1 Rfd8 13. c4 cxd4 14. exd4 Qf4
15. Ne5 Nxe5 16. Qxe5 Bd6 17. Qxf4 Bxf4 18. g3 Bd6 19. Bf1 1/2-1/2

[Event "XtraCon-Skakligaen"]
[Site "Denmark"]
[Date "2015.01.25"]
[Round "6.8"]
[White "Simonsen, Carsten"]
[Black "Andersen, Ib Hother"]
[Result "1-0"]
[WhiteElo "2207"]
[BlackElo "2128"]
[PlyCount "93"]
[EventDate "2014.10.25"]
[EventType "team-tourn"]
[EventRounds "9"]
[EventCountry "DEN"]
[WhiteTeam "Obro"]
[BlackTeam "Hillerod"]
[WhiteTeamCountry "DEN"]
[BlackTeamCountry "DEN"]

1. d4 Nf6 2. c4 e6 3. Nc3 d5 4. cxd5 exd5 5. Bg5 Be7 6. e3 O-O 7. Bd3 b6 8.
Bxf6 Bxf6 9. Qh5 g6 10. Qxd5 Qxd5 11. Nxd5 Bd8 12. Be4 c6 13. Nb4 Bb7 14. Rc1
Be7 15. Nxc6 Nxc6 16. Bxc6 Rac8 17. d5 Rfd8 18. Ne2 Bb4+ 19. Nc3 Bxc6 20. dxc6
Rxc6 21. Ke2 Rdc8 22. Kd3 Rd8+ 23. Kc2 Bxc3 24. bxc3 Rd5 25. Rhd1 Rdc5 26. Rd3
b5 27. Kb3 Kg7 28. e4 a6 29. Rcd1 Rc4 30. Re3 Kf6 31. f3 Ke6 32. Rd4 Rxd4 33.
cxd4 Rc4 34. d5+ Kd6 35. Rc3 Rxc3+ 36. Kxc3 Kc5 37. a3 a5 38. Kd3 g5 39. g3 h5
40. h3 f6 41. Kc3 b4+ 42. axb4+ axb4+ 43. Kb3 Kb5 44. h4 Kc5 45. f4 g4 46. f5
Kb5 47. e5 1-0

[Event "XtraCon-Skakligaen"]
[Site "Denmark"]
[Date "2015.02.15"]
[Round "7.1"]
[White "Matthiesen, Arne"]
[Black "Schandorff, Lars"]
[Result "1/2-1/2"]
[WhiteElo "2359"]
[BlackElo "2532"]
[PlyCount "112"]
[EventDate "2014.10.25"]
[EventType "team-tourn"]
[EventRounds "9"]
[EventCountry "DEN"]
[WhiteTeam "SK1968"]
[BlackTeam "Hillerod"]
[WhiteTeamCountry "DEN"]
[BlackTeamCountry "DEN"]

1. d4 d5 2. c4 c6 3. Nf3 Nf6 4. Nc3 e6 5. g3 dxc4 6. Bg2 b5 7. Ne5 Qb6 8. O-O
Bb7 9. b3 cxb3 10. axb3 Be7 11. e4 O-O 12. Be3 c5 13. d5 a6 14. Qc2 Nbd7 15.
Nxd7 Nxd7 16. Rfd1 Rfd8 17. Rd2 e5 18. Qd1 Bd6 19. Rc2 Rdc8 20. Bh3 Qd8 21. Bg5
f6 22. Bd2 c4 23. b4 Rc7 24. Be6+ Kh8 25. Ne2 Nf8 26. Bf5 Qe7 27. Qb1 Qe8 28.
Nc3 a5 29. bxa5 b4 30. Na4 c3 31. Nb6 Ba6 32. Nxa8 Qxa8 33. Be3 Bd3 34. Qb3 Qa6
35. Bh3 Bxe4 36. Rcc1 Bd3 37. Bb6 Re7 38. Bf1 e4 39. Ra4 c2 40. Be3 Rb7 41.
Rxc2 Bxf1 42. Rc6 Qe2 43. Ra2 Qe1 44. Bd2 Qe2 45. Be3 Qe1 46. Bd2 Qe2 47. Bf4
Qe1 48. Rc1 Bc4+ 49. Rxe1 Bxb3 50. Rb2 Bxf4 51. gxf4 Bxd5 52. Rd1 Bc4 53. Rd4
Bd3 54. Rbxb4 Rxb4 55. Rxb4 Kg8 56. Ra4 Ne6 1/2-1/2

[Event "XtraCon-Skakligaen"]
[Site "Denmark"]
[Date "2015.02.15"]
[Round "7.3"]
[White "Hansen, Lars"]
[Black "Percivaldi, Martin"]
[Result "1/2-1/2"]
[WhiteElo "2273"]
[BlackElo "2324"]
[PlyCount "98"]
[EventDate "2014.10.25"]
[EventType "team-tourn"]
[EventRounds "9"]
[EventCountry "DEN"]
[WhiteTeam "SK1968"]
[BlackTeam "Hillerod"]
[WhiteTeamCountry "DEN"]
[BlackTeamCountry "DEN"]

1. d4 d5 2. c4 c6 3. cxd5 cxd5 4. Nc3 Nc6 5. Bf4 Nf6 6. e3 a6 7. Rc1 Bg4 8. Be2
Bxe2 9. Ngxe2 e6 10. O-O Rc8 11. a3 b5 12. Qd3 Be7 13. Rc2 O-O 14. Rfc1 Qb6 15.
h3 Qb7 16. Nb1 Nd7 17. Nd2 Nb6 18. Nb3 Nc4 19. e4 Rfd8 20. exd5 exd5 21. Nc5
Bxc5 22. dxc5 d4 23. Ng3 N6e5 24. Bxe5 Nxe5 25. Qf5 Nc4 26. Rd1 g6 27. Qf6 Qd5
28. b3 Nxa3 29. Rcd2 Qxc5 30. Rxd4 Rxd4 31. Rxd4 Re8 32. Re4 Rf8 33. Rh4 Re8
34. Re4 Rc8 35. Rf4 Qa7 36. Kh2 Qc7 37. Re4 Qc6 38. Qe5 Nb1 39. h4 Nc3 40. Re3
b4 41. Nh5 gxh5 42. Rg3+ Kf8 43. Qg7+ Ke7 44. Re3+ Kd8 45. Qe5 Rc7 46. Qh8+ Kd7
47. Qe8+ Kd6 48. Qe5+ Kd7 49. Qe8+ Kd6 1/2-1/2

[Event "XtraCon-Skakligaen"]
[Site "Denmark"]
[Date "2015.02.15"]
[Round "7.4"]
[White "Jaksland, Tim"]
[Black "Matthiesen, Martin"]
[Result "0-1"]
[WhiteElo "2277"]
[BlackElo "2260"]
[PlyCount "116"]
[EventDate "2014.10.25"]
[EventType "team-tourn"]
[EventRounds "9"]
[EventCountry "DEN"]
[WhiteTeam "Hillerod"]
[BlackTeam "SK1968"]
[WhiteTeamCountry "DEN"]
[BlackTeamCountry "DEN"]

1. Nf3 Nf6 2. c4 c5 3. g3 d5 4. cxd5 Nxd5 5. Bg2 Nc6 6. Nc3 Nc7 7. O-O e5 8. a3
Rb8 9. Rb1 Be7 10. b4 cxb4 11. axb4 b5 12. d3 f6 13. Be3 a6 14. d4 Nxb4 15.
dxe5 Nbd5 16. Nxd5 Nxd5 17. Bd4 O-O 18. exf6 Bxf6 19. Ne5 Qd6 20. Ba7 Be6 21.
Bxb8 Rxb8 22. e4 Bxe5 23. exd5 Bd7 24. Re1 b4 25. Qe2 Bf6 26. Qc4 a5 27. Rbc1
b3 28. Re6 Qb4 29. Qc7 Rb7 30. Qf4 Qxf4 31. gxf4 b2 32. Rb1 Bxe6 33. dxe6 Rb5
34. Be4 a4 35. Re1 Rc5 36. Kf1 Rc1 37. Ke2 a3 38. Rd1 Rxd1 39. e7 Kf7 40. Kxd1
h6 41. e8=Q+ Kxe8 42. Bb1 Bd4 43. Ke2 Kd7 44. f3 Bg1 45. h3 Bh2 46. f5 Bd6 47.
Kd3 Ke7 48. Ke4 Kf6 49. f4 Be7 50. Ba2 Bd6 51. Bb1 Ke7 52. Ba2 Bc7 53. h4 h5
54. Bb1 Bd8 55. Kd3 Kf7 56. Kc3 Bxh4 57. Kb3 Be7 58. Ka2 h4 0-1

[Event "XtraCon-Skakligaen"]
[Site "Denmark"]
[Date "2015.02.15"]
[Round "7.5"]
[White "Pedersen, Gunnar"]
[Black "Ostergaard, Jens"]
[Result "1/2-1/2"]
[WhiteElo "2232"]
[BlackElo "2236"]
[PlyCount "103"]
[EventDate "2014.10.25"]
[EventType "team-tourn"]
[EventRounds "9"]
[EventCountry "DEN"]
[WhiteTeam "SK1968"]
[BlackTeam "Hillerod"]
[WhiteTeamCountry "DEN"]
[BlackTeamCountry "DEN"]

1. d4 Nf6 2. Nf3 e6 3. c4 b6 4. Nc3 Bb7 5. a3 d5 6. cxd5 Nxd5 7. e3 Be7 8. Bb5+
c6 9. Bd3 O-O 10. e4 Nxc3 11. bxc3 c5 12. Qe2 Nc6 13. Bb2 cxd4 14. cxd4 Bf6 15.
Qe3 Na5 16. Rd1 Rc8 17. Qf4 Nc4 18. Bxc4 Rxc4 19. O-O Rc2 20. Bc1 Ba6 21. e5
Be7 22. Rfe1 Qc7 23. Qg4 Kh8 24. Bf4 Be2 25. Ra1 Qc6 26. Qg3 Bxf3 27. gxf3 Qd5
28. Re4 Rc3 29. Be3 Rxa3 30. Rc1 Qa5 31. Rg4 g6 32. Bh6 Ra1 33. Rxa1 Qxa1+ 34.
Kg2 Rd8 35. Qf4 Kg8 36. h4 Qb1 37. Bg5 Rd7 38. Bxe7 Rxe7 39. d5 Qf5 40. d6 Re8
41. Qa4 Rd8 42. Re4 f6 43. Qxa7 fxe5 44. Qxb6 Qf8 45. d7 Rxd7 46. Qxe6+ Qf7 47.
Qxe5 Qd5 48. Qf6 Qf7 49. Qb2 Rb7 50. Qe2 Qf6 51. Qe3 Rf7 52. Rd4 1/2-1/2

[Event "XtraCon-Skakligaen"]
[Site "Denmark"]
[Date "2015.02.15"]
[Round "7.6"]
[White "Nordenbaek, Jan"]
[Black "Christensen, Thomas"]
[Result "0-1"]
[WhiteElo "2209"]
[BlackElo "2215"]
[PlyCount "68"]
[EventDate "2014.10.25"]
[EventType "team-tourn"]
[EventRounds "9"]
[EventCountry "DEN"]
[WhiteTeam "Hillerod"]
[BlackTeam "SK1968"]
[WhiteTeamCountry "DEN"]
[BlackTeamCountry "DEN"]

1. e4 g6 2. d4 Nf6 3. Nc3 d5 4. exd5 Nxd5 5. Nxd5 Qxd5 6. Nf3 Bg7 7. Be2 c5 8.
Be3 Nc6 9. c4 Qe4 10. Ng5 Qf5 11. Bd3 Qd7 12. d5 Nd4 13. O-O O-O 14. Rb1 a5 15.
Re1 b6 16. b3 Qc7 17. Qd2 Be5 18. f4 Bg7 19. Kh1 Bg4 20. h3 Bc8 21. Bxd4 Bxd4
22. Nf3 Bg7 23. Ne5 Qd6 24. Ra1 a4 25. Rab1 axb3 26. Rxb3 Ra6 27. Bb1 e6 28.
Rd3 exd5 29. Rxd5 Qc7 30. Nd7 Bxd7 31. Rxd7 Qb8 32. Be4 Ra3 33. Rf1 Bd4 34. Bd5
Qc8 0-1

[Event "XtraCon-Skakligaen"]
[Site "Denmark"]
[Date "2015.02.15"]
[Round "7.7"]
[White "Bindzus, Niels"]
[Black "Montgomery, Jan Elkjaer Frantse"]
[Result "1-0"]
[WhiteElo "2182"]
[BlackElo "2149"]
[PlyCount "69"]
[EventDate "2014.10.25"]
[EventType "team-tourn"]
[EventRounds "9"]
[EventCountry "DEN"]
[WhiteTeam "SK1968"]
[BlackTeam "Hillerod"]
[WhiteTeamCountry "DEN"]
[BlackTeamCountry "DEN"]

1. e4 c5 2. Nf3 Nc6 3. g3 Nf6 4. d3 d6 5. Bg2 g6 6. O-O Bg7 7. c3 O-O 8. Qe2
Rb8 9. d4 cxd4 10. Nxd4 Bg4 11. f3 Bd7 12. Be3 Qa5 13. Na3 Rfc8 14. Qf2 Ne5 15.
Nb3 Qa6 16. Rfd1 b5 17. Nc2 Nc4 18. Nb4 Qa4 19. Bd4 a5 20. Na6 Nxb2 21. Qxb2
Ra8 22. Nac5 dxc5 23. Nxc5 Rxc5 24. Bxc5 e5 25. Bf1 Rc8 26. Be7 Bc6 27. Rd8+
Rxd8 28. Bxd8 Nd7 29. Be7 Nb6 30. Qd2 Nd7 31. Be2 b4 32. cxb4 f5 33. b5 Bh6 34.
Qd1 Be3+ 35. Kh1 1-0

[Event "XtraCon-Skakligaen"]
[Site "Denmark"]
[Date "2015.02.15"]
[Round "7.8"]
[White "Andersen, Ib Hother"]
[Black "Ramsdal, Jens Albert"]
[Result "1/2-1/2"]
[WhiteElo "2128"]
[BlackElo "2047"]
[PlyCount "78"]
[EventDate "2014.10.25"]
[EventType "team-tourn"]
[EventRounds "9"]
[EventCountry "DEN"]
[WhiteTeam "Hillerod"]
[BlackTeam "SK1968"]
[WhiteTeamCountry "DEN"]
[BlackTeamCountry "DEN"]

1. e4 c5 2. Nf3 e6 3. d4 cxd4 4. Nxd4 a6 5. Bd3 Qc7 6. O-O Nf6 7. Qe2 h5 8. Nd2
Bc5 9. N2b3 Be7 10. c4 d6 11. Bd2 Nfd7 12. f4 Nc5 13. Nxc5 dxc5 14. Nf3 Nc6 15.
e5 Bd7 16. Bc3 O-O-O 17. Rad1 Nd4 18. Qe3 Nxf3+ 19. Qxf3 Bc6 20. Be4 Bxe4 21.
Qxe4 g6 22. a3 Rd7 23. Kf2 Rhd8 24. Ke2 Rxd1 25. Rxd1 Rxd1 26. Kxd1 Qd7+ 27.
Kc1 Kc7 28. Ba5+ b6 29. Bd2 Qc6 30. Qxc6+ Kxc6 31. Kc2 Bd8 32. Kd3 b5 33. b3
Be7 34. Ke4 Bd8 35. g3 Be7 36. h3 Bd8 37. Be1 Be7 38. Bd2 Bd8 39. Be1 Be7
1/2-1/2

[Event "XtraCon-Skakligaen"]
[Site "Denmark"]
[Date "2015.02.15"]
[Round "7.1"]
[White "Skytte, Rasmus"]
[Black "Teplyi, Igor"]
[Result "1/2-1/2"]
[WhiteElo "2425"]
[BlackElo "2381"]
[PlyCount "55"]
[EventDate "2014.10.25"]
[EventType "team-tourn"]
[EventRounds "9"]
[EventCountry "DEN"]
[WhiteTeam "AarhusSkolerne"]
[BlackTeam "Nordre"]
[WhiteTeamCountry "DEN"]
[BlackTeamCountry "DEN"]

1. e4 c5 2. Nf3 d6 3. d4 cxd4 4. Nxd4 Nf6 5. Nc3 a6 6. Bg5 e6 7. f4 h6 8. Bh4
Be7 9. Qe2 Nxe4 10. Bxe7 Nxc3 11. Qc4 Kxe7 12. Qxc3 Re8 13. O-O-O Kf8 14. Qa3
Kg8 15. g4 d5 16. Rg1 Nc6 17. g5 hxg5 18. Rxg5 Nxd4 19. Rxd4 Qf6 20. Qe3 Bd7
21. Rd1 Bb5 22. Bd3 Bxd3 23. cxd3 Rec8+ 24. Kb1 Rc6 25. Rdg1 Rac8 26. Rxg7+
Qxg7 27. Rxg7+ Kxg7 28. a3 1/2-1/2

[Event "XtraCon-Skakligaen"]
[Site "Denmark"]
[Date "2015.02.15"]
[Round "7.2"]
[White "Baekgaard, Martin"]
[Black "Sorensen, Jan"]
[Result "0-1"]
[WhiteElo "2318"]
[BlackElo "2431"]
[PlyCount "68"]
[EventDate "2014.10.25"]
[EventType "team-tourn"]
[EventRounds "9"]
[EventCountry "DEN"]
[WhiteTeam "Nordre"]
[BlackTeam "AarhusSkolerne"]
[WhiteTeamCountry "DEN"]
[BlackTeamCountry "DEN"]

1. d4 Nf6 2. Nf3 e6 3. c4 b6 4. a3 Ba6 5. Qc2 Bb7 6. Nc3 c5 7. e4 cxd4 8. Nxd4
d6 9. Be2 Nbd7 10. O-O Qc7 11. Be3 a6 12. Rac1 Rc8 13. f4 Be7 14. b4 Qb8 15.
Nb3 Qa8 16. Bd3 O-O 17. Rf3 Rfe8 18. Rh3 g6 19. Rf1 b5 20. cxb5 axb5 21. Qb2
Nxe4 22. Nxb5 Bf8 23. Na5 Bd5 24. Rd1 Bg7 25. Bd4 e5 26. Bxe4 exd4 27. Bd3 Qb8
28. Qf2 Qb6 29. Bf1 Re4 30. Nb3 Nf6 31. Kh1 Ng4 32. Qh4 h5 33. Nd2 Rxf4 34. Nf3
d3 0-1

[Event "XtraCon-Skakligaen"]
[Site "Denmark"]
[Date "2015.02.15"]
[Round "7.3"]
[White "Christensen, Tobias"]
[Black "Petersen, Tom Petri"]
[Result "1/2-1/2"]
[WhiteElo "2369"]
[BlackElo "2334"]
[PlyCount "45"]
[EventDate "2014.10.25"]
[EventType "team-tourn"]
[EventRounds "9"]
[EventCountry "DEN"]
[WhiteTeam "AarhusSkolerne"]
[BlackTeam "Nordre"]
[WhiteTeamCountry "DEN"]
[BlackTeamCountry "DEN"]

1. e4 g6 2. d4 Bg7 3. Nc3 a6 4. h4 h5 5. Bg5 b5 6. Qd3 d6 7. O-O-O Nd7 8. Qg3
Bb7 9. Nge2 Nb6 10. Nf4 Qd7 11. a3 e5 12. Nfe2 f6 13. Be3 Ne7 14. dxe5 fxe5 15.
Bxb6 cxb6 16. Qd3 O-O-O 17. g3 Kb8 18. Bh3 Qc7 19. Be6 Qc5 20. Rhf1 Rhf8 21. f3
Rf6 22. b4 Qc7 23. Nd5 1/2-1/2

[Event "XtraCon-Skakligaen"]
[Site "Denmark"]
[Date "2015.02.15"]
[Round "7.4"]
[White "Sloth, Jorn"]
[Black "Pedersen, Finn"]
[Result "1/2-1/2"]
[WhiteElo "2318"]
[BlackElo "2278"]
[PlyCount "40"]
[EventDate "2014.10.25"]
[EventType "team-tourn"]
[EventRounds "9"]
[EventCountry "DEN"]
[WhiteTeam "Nordre"]
[BlackTeam "AarhusSkolerne"]
[WhiteTeamCountry "DEN"]
[BlackTeamCountry "DEN"]

1. Nf3 g6 2. e4 Bg7 3. d4 d6 4. c3 Nf6 5. Bd3 O-O 6. O-O Nc6 7. d5 Ne5 8. Nxe5
dxe5 9. c4 e6 10. Nc3 exd5 11. cxd5 Bd7 12. Qb3 Qb8 13. Bg5 h6 14. Be3 c6 15.
dxc6 Bxc6 16. f3 b6 17. Rac1 Qb7 18. Bb5 Rfc8 19. Rfd1 Bf8 20. Kf1 Kg7 1/2-1/2

[Event "XtraCon-Skakligaen"]
[Site "Denmark"]
[Date "2015.02.15"]
[Round "7.5"]
[White "Jacobsen, Bo"]
[Black "Veng, Johny"]
[Result "1/2-1/2"]
[WhiteElo "2239"]
[BlackElo "2281"]
[PlyCount "25"]
[EventDate "2014.10.25"]
[EventType "team-tourn"]
[EventRounds "9"]
[EventCountry "DEN"]
[WhiteTeam "AarhusSkolerne"]
[BlackTeam "Nordre"]
[WhiteTeamCountry "DEN"]
[BlackTeamCountry "DEN"]

1. c4 Nf6 2. g3 e5 3. Bg2 c6 4. d4 Bb4+ 5. Bd2 Bxd2+ 6. Qxd2 e4 7. Nc3 d5 8.
cxd5 cxd5 9. f3 exf3 10. exf3 O-O 11. Nge2 Nc6 12. O-O b6 13. Rfe1 1/2-1/2

[Event "XtraCon-Skakligaen"]
[Site "Denmark"]
[Date "2015.02.15"]
[Round "7.6"]
[White "Hoiberg, Nina"]
[Black "Hagen, Kresten Skytte"]
[Result "0-1"]
[WhiteElo "2209"]
[BlackElo "2163"]
[PlyCount "34"]
[EventDate "2014.10.25"]
[EventType "team-tourn"]
[EventRounds "9"]
[EventCountry "DEN"]
[WhiteTeam "Nordre"]
[BlackTeam "AarhusSkolerne"]
[WhiteTeamCountry "DEN"]
[BlackTeamCountry "DEN"]

1. e4 e6 2. d4 d5 3. Nc3 Nf6 4. Bg5 dxe4 5. Nxe4 Be7 6. Bxf6 Bxf6 7. Nf3 Nd7 8.
Bd3 O-O 9. O-O c5 10. dxc5 Bxb2 11. Rb1 Ba3 12. Rb3 Bxc5 13. Bb5 f5 14. Bxd7
fxe4 15. Bxc8 Rxc8 16. Qxd8 Rcxd8 17. Ng5 Bxf2+ 0-1

[Event "XtraCon-Skakligaen"]
[Site "Denmark"]
[Date "2015.02.15"]
[Round "7.7"]
[White "Jensen, Jacob Bjerre"]
[Black "Christensen, Jan Schleicher"]
[Result "1/2-1/2"]
[WhiteElo "2156"]
[BlackElo "2208"]
[PlyCount "36"]
[EventDate "2014.10.25"]
[EventType "team-tourn"]
[EventRounds "9"]
[EventCountry "DEN"]
[WhiteTeam "AarhusSkolerne"]
[BlackTeam "Nordre"]
[WhiteTeamCountry "DEN"]
[BlackTeamCountry "DEN"]

1. d4 Nf6 2. c4 c5 3. d5 b5 4. cxb5 a6 5. bxa6 g6 6. Nc3 Bg7 7. e4 O-O 8. Nf3
Qa5 9. Bd2 Bxa6 10. Bxa6 Qxa6 11. Qe2 e6 12. Qxa6 Nxa6 13. dxe6 fxe6 14. O-O d5
15. exd5 exd5 16. a3 Rfb8 17. Rab1 Rb3 18. Bg5 Rab8 1/2-1/2

[Event "XtraCon-Skakligaen"]
[Site "Denmark"]
[Date "2015.02.15"]
[Round "7.8"]
[White "Klitgaard, Thomas"]
[Black "Tettinek, Michael"]
[Result "1/2-1/2"]
[WhiteElo "2197"]
[BlackElo "2041"]
[PlyCount "115"]
[EventDate "2014.10.25"]
[EventType "team-tourn"]
[EventRounds "9"]
[EventCountry "DEN"]
[WhiteTeam "Nordre"]
[BlackTeam "AarhusSkolerne"]
[WhiteTeamCountry "DEN"]
[BlackTeamCountry "DEN"]

1. e4 c6 2. d4 d5 3. Nd2 dxe4 4. Nxe4 Nf6 5. Nxf6+ exf6 6. c3 Bd6 7. Bd3 Qe7+
8. Ne2 Bg4 9. Qc2 Nd7 10. Be3 Nb6 11. O-O Qc7 12. h3 Be6 13. c4 c5 14. Nc3 a6
15. Ne4 cxd4 16. Bxd4 Be7 17. b3 Nd7 18. Ng3 g6 19. Rae1 O-O-O 20. Bb2 Nc5 21.
Be2 Rhe8 22. b4 Nd7 23. c5 Ne5 24. b5 Bxc5 25. Rc1 b6 26. bxa6 Kb8 27. Bb5 Bd7
28. Bxd7 Nxd7 29. Ne4 f5 30. Nxc5 Nxc5 31. a4 Nxa6 32. Qb3 Qb7 33. Rfd1 Nc5 34.
Qb5 Rxd1+ 35. Rxd1 Rc8 36. Be5+ Ka7 37. a5 Qc6 38. axb6+ Kb7 39. Qb4 Qxb6 40.
Qc4 Qb3 41. Qxb3+ Nxb3 42. Rd7+ Kc6 43. Rxf7 Kd5 44. f4 h5 45. Rd7+ Ke4 46. Rb7
Nc1 47. Rb4+ Ke3 48. Kh2 Nd3 49. Ra4 Rc2 50. Ra3 Ke2 51. Kg3 Ke3 52. Ra4 h4+
53. Kxh4 Rxg2 54. Bb8 Ne1 55. Ra3+ Ke4 56. Ra4+ Kd5 57. Ra3 Ke4 58. Ra4+
1/2-1/2

[Event "XtraCon-Skakligaen"]
[Site "Denmark"]
[Date "2015.02.15"]
[Round "7.1"]
[White "Rasmussen, Allan Stig"]
[Black "Hansen, Mads Smith"]
[Result "1-0"]
[WhiteElo "2524"]
[BlackElo "2378"]
[PlyCount "83"]
[EventDate "2014.10.25"]
[EventType "team-tourn"]
[EventRounds "9"]
[EventCountry "DEN"]
[WhiteTeam "Jetsmark"]
[BlackTeam "Obro"]
[WhiteTeamCountry "DEN"]
[BlackTeamCountry "DEN"]

1. d4 Nf6 2. c4 c5 3. d5 b5 4. cxb5 a6 5. e3 g6 6. Nc3 Bg7 7. a4 O-O 8. Nf3 Bb7
9. Ra3 e6 10. dxe6 fxe6 11. Qd6 Qc8 12. h4 Ne8 13. Qd1 d5 14. h5 gxh5 15. Rxh5
Nf6 16. Rh4 Nbd7 17. g4 axb5 18. Bxb5 h6 19. g5 hxg5 20. Nxg5 Ne5 21. f4 Ng6
22. Rh2 c4 23. e4 dxe4 24. Qe2 Bd5 25. Qg2 e3 26. Nxd5 exd5 27. Rxe3 Nxf4 28.
Qg1 Qg4 29. Rg3 Nd3+ 30. Kd2 Qf4+ 31. Kc2 Qf5 32. Kd1 Ra7 33. Rf3 Qe5 34. Re2
Qc7 35. Ne6 Qf7 36. Nxg7 Qxg7 37. Rg3 Qxg3 38. Qxg3+ Rg7 39. Qe3 Ne4 40. Kc2
Rf1 41. Bd2 Rgg1 42. Bxc4 1-0

[Event "XtraCon-Skakligaen"]
[Site "Denmark"]
[Date "2015.02.15"]
[Round "7.2"]
[White "Hansen, Soren Bech"]
[Black "Ochsner, Bjorn Moller"]
[Result "0-1"]
[WhiteElo "2296"]
[BlackElo "2342"]
[PlyCount "140"]
[EventDate "2014.10.25"]
[EventType "team-tourn"]
[EventRounds "9"]
[EventCountry "DEN"]
[WhiteTeam "Obro"]
[BlackTeam "Jetsmark"]
[WhiteTeamCountry "DEN"]
[BlackTeamCountry "DEN"]

1. e4 c5 2. Nf3 d6 3. Bb5+ Nc6 4. O-O Bd7 5. Re1 Nf6 6. Nc3 Nd4 7. Bxd7+ Qxd7
8. a4 Nxf3+ 9. Qxf3 e6 10. d3 Be7 11. Be3 O-O 12. d4 cxd4 13. Bxd4 Qc6 14. Qg3
Nh5 15. Qg4 Nf6 16. Qh4 Rfe8 17. Rad1 Qc4 18. b3 Qc8 19. Rd3 e5 20. Be3 Nd5 21.
Qg3 Nb4 22. Bh6 Bf8 23. Nd5 Nxd3 24. cxd3 Kh8 25. Bg5 h6 26. Rc1 Qe6 27. Be3
Rec8 28. Rf1 Rc2 29. b4 Be7 30. a5 Bd8 31. h4 a6 32. h5 Rac8 33. Qf3 Rb2 34. g4
Rcc2 35. Kg2 Kg8 36. Kg3 Rc8 37. Rd1 Rcc2 38. Rg1 Ra2 39. Rd1 Ra3 40. Kg2 Qd7
41. Ba7 Qb5 42. Bb6 Bh4 43. Ba7 Raa2 44. Rf1 Rab2 45. Bb6 Qd7 46. Kh3 Bg5 47.
Kg2 Rd2 48. Rc1 Rxf2+ 49. Bxf2 Bxc1 50. Kh3 Bg5 51. Bg3 Qc8 52. Nb6 Qe6 53. Nd5
Bd8 54. Qe3 Qc8 55. Qf3 Qc1 56. Ne3 Rxb4 57. Nf5 Qc6 58. d4 exd4 59. Bxd6 Rc4
60. Bg3 Rc3 61. Qe2 Qc4 62. Qf2 Rc1 63. Nxd4 Qf1+ 64. Qxf1 Rxf1 65. Kg2 Rd1 66.
Nf5 Bxa5 67. Kf3 Rd3+ 68. Ke2 Rb3 69. Be5 f6 70. Bd4 Bc3 0-1